000 00958nam a22002897a 4500
001 BR8201446
003 BR-BrBNA
005 20230928091250.0
007 ta
008 230509b bl.||||| |||| 00| 0 por d
040 _aBR-BrBNA
_bpor
_cBiblioteca Nacional de Agricultura
041 _a(Por)
072 _aP05
_b4620
090 _ 4620 BR8201446
100 1 _aPassos, F.J.V.
110 1 _aUniversidade Federal de Vicosa, MG (Brasil)
_0Tese (Magister Scientiae)
245 1 _aDesempenho de um coletor solar plano e de um concentrador trapezoidal para aquecimento de ar
246 1 _a[Performance of a solar plain collector and of a trapezoidal concentrator for air heating]
260 3 _aVicosa, MG (Brasil):
_c1981.
300 _a84 p.
500 _a15 tables; 15 illus.; 26 ref.; Summary (Por)
650 _aRecurso energetico
650 _aEnergia solar
650 _aColetor solar
909 _a202309
_bLucia
_c55
_dLucia Elande
942 _cBK
999 _c33111
_d33111